All-Time Olympic Basketball Team USA Quiz Stats

 Plays Quiz not verified by Sporcle

Support Sporcle.
Go Orange.
Score 0/84 Timer 10:00
0 Plays Today
Year Player % Correct
1992Michael Jordan
97.6%
1984Michael Jordan
97.6%
2008Kobe Bryant
95.6%
2008LeBron James
95.1%
2004LeBron James
95.1%
1992Magic Johnson
94.2%
2008Dwyane Wade
93.2%
2004Dwyane Wade
93.2%
1992Larry Bird
92.7%
1996Charles Barkley
91.3%
1992Charles Barkley
91.3%
1996Karl Malone
89.8%
1996John Stockton
89.8%
1992Karl Malone
89.8%
1992John Stockton
89.8%
1996Shaquille O'Neal
89.3%
1992Patrick Ewing
89.3%
1984Patrick Ewing
89.3%
1996Scottie Pippen
88.3%
1992Scottie Pippen
88.3%
2008Deron Williams
86.4%
1996David Robinson
85%
1992David Robinson
85%
1988David Robinson
85%
2008Dwight Howard
84.5%
2008Carmelo Anthony
84.5%
2004Carmelo Anthony
84.5%
2008Jason Kidd
83%
Year Player % Correct
2004Tim Duncan
83%
2000Jason Kidd
83%
2008Chris Bosh
82.5%
2008Chris Paul
81.1%
1992Chris Mullin
80.1%
1984Chris Mullin
80.1%
1992Christian Laettner
79.1%
2000Kevin Garnett
78.6%
2000Ray Allen
76.2%
1996Hakeem Olajuwon
76.2%
2004Allen Iverson
75.7%
2000Vince Carter
75.7%
1992Clyde Drexler
75.7%
1996Reggie Miller
73.8%
2008Michael Redd
71.8%
2000Gary Payton
70.4%
1996Gary Payton
70.4%
2000Steve Smith
68%
1988Charles Smith
68%
1988Charles D. Smith
68%
2008Tayshaun Prince
67.5%
2008Carlos Boozer
67%
2004Carlos Boozer
67%
2000Tim Hardaway
66.5%
1996Penny Hardaway
66.5%
2004Amare Stoudemire
64.1%
2004Stephon Marbury
63.6%
2000Alonzo Mourning
58.7%
Year Player % Correct
1996Grant Hill
58.7%
1996Mitch Richmond
52.4%
1988Mitch Richmond
52.4%
2004Lamar Odom
50%
2004Shawn Marion
47.1%
2004Richard Jefferson
45.6%
2000Allan Houston
45.1%
2000Vin Baker
39.3%
1988Danny Manning
36.4%
2004Emeka Okafor
33%
1988Willie Anderson
31.1%
1984Sam Perkins
27.7%
2000Antonio McDyess
26.2%
2000Shareff Abdur-Rahim
26.2%
1988Dan majerle
25.2%
1984Steve Alford
19.9%
1984Alvin Robertson
18.4%
1988Hersey Hawkins
15.5%
1984Wayman Tisdale
13.6%
1988Stacey Augmon
12.6%
1988J.R. Reid
11.2%
1984Joe Kleine
10.7%
1984Leon Wood
10.2%
1984Jon Koncak
10.2%
1988Bimbo Coles
9.7%
1984Vernon Fleming
9.7%
1984Jeff Turner
8.7%
1988Jeff Grayer
7.8%

You're not logged in!

Compare scores with friends on all Sporcle quizzes.
OR
Log In

From the Vault

Wiki Geography Picture Click

by metashades

When in doubt, look it up on Wikipedia.
Remove Ads.
Support Sporcle.
Get the best of Sporcle when you Go Orange. This ad-free experience offers more features, more stats, and more fun while also helping to support Sporcle. Thank you for becoming a member.

Show Comments

Extras

Top Quizzes Today


Score Distribution

Your Account Isn't Verified!

In order to create a playlist on Sporcle, you need to verify the email address you used during registration. Go to your Sporcle Settings to finish the process.

Report this User

Report this user for behavior that violates our Community Guidelines.

Details: